5HLuxD.jpg

KING HENRY VIII SENIOR AND PRIMARY SCHOOL LIBRARY OPAC

Parable of the sower / (Record no. 6073)

000 -LEADER
fixed length control field 01408aam a22003011i 4500
001 - CONTROL NUMBER
control field 020834954
003 - CONTROL NUMBER IDENTIFIER
control field Uk
005 - DATE AND TIME OF LATEST TRANSACTION
control field 20260204140921.0
006 - FIXED-LENGTH DATA ELEMENTS--ADDITIONAL MATERIAL CHARACTERISTICS
fixed length control field m || d |
007 - PHYSICAL DESCRIPTION FIXED FIELD--GENERAL INFORMATION
fixed length control field cr |||||||||||
008 - FIXED-LENGTH DATA ELEMENTS--GENERAL INFORMATION
fixed length control field 221204s2014 xxk||||go |||| ||eng
015 ## - NATIONAL BIBLIOGRAPHY NUMBER
National bibliography number GBC2M6018
Source bnb
020 ## - INTERNATIONAL STANDARD BOOK NUMBER
International Standard Book Number 9781472263667
040 ## - CATALOGING SOURCE
Original cataloging agency Uk
Language of cataloging eng
Transcribing agency Uk
Modifying agency KH8
042 ## - AUTHENTICATION CODE
Authentication code ukblsr
082 04 - DEWEY DECIMAL CLASSIFICATION NUMBER
Classification number FIC BUT
100 1# - MAIN ENTRY--PERSONAL NAME
Personal name Butler, Octavia E.,
Relator term author.
245 10 - TITLE STATEMENT
Title Parable of the sower /
Statement of responsibility, etc. Octavia E. Butler.
264 #1 - PRODUCTION, PUBLICATION, DISTRIBUTION, MANUFACTURE, AND COPYRIGHT NOTICE
Place of production, publication, distribution, manufacture London :
Name of producer, publisher, distributor, manufacturer Headline,
Date of production, publication, distribution, manufacture, or copyright notice 2014.
300 ## - PHYSICAL DESCRIPTION
Extent 311 pages :
Dimensions 20 cm.
336 ## - CONTENT TYPE
Content type term text
Source rdacontent
337 ## - MEDIA TYPE
Media type term computer
Source rdamedia
338 ## - CARRIER TYPE
Carrier type term online resource
Source rdacarrier
520 ## - SUMMARY, ETC.
Summary, etc. We are coming apart. We’re a rope, breaking, a single strand at a time.<br/><br/>America is a place of chaos, where violence rules and only the rich and powerful are safe. Lauren Olamina, a young woman with the extraordinary power to feel the pain of others as her own, records everything she sees of this broken world in her journal.<br/><br/>Then, one terrible night, everything alters beyond recognition, and Lauren must make her voice heard for the sake of those she loves.<br/><br/>Soon, her vision becomes reality and her dreams of a better way to live gain the power to change humanity forever.
650 #0 - SUBJECT ADDED ENTRY--TOPICAL TERM
Topical term or geographic name entry element Alienation (Social psychology)
Geographic subdivision California
-- Los Angeles
Form subdivision Fiction.
655 #0 - INDEX TERM--GENRE/FORM
Genre/form data or focus term Science fiction.
942 ## - ADDED ENTRY ELEMENTS (KOHA)
Source of classification or shelving scheme
Koha item type Books - Fiction
Holdings
Withdrawn status Lost status Source of classification or shelving scheme Damaged status Not for loan Collection code Permanent Location Current Location Shelving location Date acquired Full call number Barcode Date last seen Price effective from Koha item type
          Fiction KH8 Senior School Library KH8 Senior School Library Fiction 2026-02-04 FIC BUT 3KHSL000102614 2026-02-04 2026-02-04 Books - Fiction

Powered By KH8 IT Dept